Statistics for Mother Mother - O My Heart Album

Click here to take the quiz!

General Stats

  • This quiz has been taken 18 times
  • The average score is 9 of 13

Answer Stats

Answer% Correct
Ghosting
87%
O My Heart
87%
Body
80%
Burning Pile
80%
Hayloft
80%
Wrecking Ball
80%
Arms Tonite
73%
Body of Years
73%
Miles
73%
Sleep Awake
67%
Try to Change
67%
Wisdom
67%
Heart Heavy
27%

Score Distribution

Percentile by Number Answered

Percent of People with Each Score

Your Score History

You have not taken this quiz